| 000 | 00900cam a22002655a 4500 | ||
|---|---|---|---|
| 008 | |||
| 020 | _a2869781512 (pbk.) | ||
| 049 | _aMAIN | ||
| 090 |
_aHN809 _bCEN |
||
| 245 | 0 | 0 |
_aCentral Africa : _bcrises, reform, and reconstruction / _cedited by E.S.D. Fomin & John W. Forje. |
| 260 |
_aDakar, Senegal : _bCouncil for the Development of Social Science Research in Africa, _cc2005. |
||
| 300 |
_aix, 258 p. ; _c23 cm. |
||
| 440 | 0 | _aCodesria book series. | |
| 504 | _aIncludes bibliographical references. | ||
| 651 | 0 |
_aAfrica, Central _xEconomic conditions _y1960- |
|
| 651 | 0 |
_aAfrica, Central _xPolitics and government _y1960- |
|
| 700 | 1 | _aFomin, E. S. D. | |
| 700 | 1 | _aForje, John W. | |
| 710 | 2 | _aCodesria. | |
| 907 |
_a.b10197916 _b27-02-13 _c06-04-06 |
||
| 003 | |||
| 005 | 20230123134204.0 | ||
| 040 | _cNUST | ||
| 942 |
_cBOOKS _kHN809 _mCEN |
||
| 999 |
_c161583 _d161583 |
||